[Event "2nd HD Bank Cup 2012"]
[Site "Ho Chi Minh City VIE"]
[Date "2012.03.06"]
[Round "8.38"]
[White "Pham Bich Ngoc"]
[Black "Ton,T"]
[Result "1/2-1/2"]
[WhiteElo "2155"]
[BlackElo "2177"]

1.c4 e6 2.g3 d5 3.Bg2 Nf6 4.Nf3 Be7 5.d4 O-O 6.Qc2 a6 7.O-O dxc4 8.Qxc4 Nbd7
9.Qc2 c5 10.Rd1 cxd4 11.Nxd4 Bc5 12.a3 Qb6 13.e3 e5 14.Nb3 Be7 15.Nc3 Nc5
16.Nxc5 Qxc5 17.b4 Qc7 18.Bb2 Bg4 19.Rd2 Rac8 20.Rc1 Qb8 21.h3 Be6 22.Qa4 Rcd8
23.Rcd1 Rxd2 24.Rxd2 Qc8 25.Kh2 b5 26.Qd1 h6 27.Qf3 Rd8 28.Rxd8+ Qxd8 29.Qa8 Qxa8
30.Bxa8 Bc8 31.Kg2 Kf8  1/2-1/2

[Event "44th Belgrade WGM"]
[Site "Belgrade SRB"]
[Date "2012.03.08"]
[Round "6.2"]
[White "Voiska,M"]
[Black "Imeeva,A"]
[Result "1-0"]
[WhiteElo "2316"]
[BlackElo "2019"]

1.Nf3 Nf6 2.c4 e6 3.g3 d5 4.Bg2 Be7 5.d4 O-O 6.Nbd2 c5 7.cxd5 exd5 8.dxc5 Bxc5
9.O-O Nc6 10.Nb3 Bb6 11.Nbd4 Ne4 12.Be3 Qf6 13.Nxc6 bxc6 14.Bd4 Qe7 15.a4 Ba6
16.a5 Bc7 17.Nh4 f5 18.Qc2 Bb5 19.Rfe1 g6 20.f4 Bd6 21.Nf3 Rab8 22.Be5 Bc4
23.Bxd6 Qxd6 24.Ne5 Rb4 25.Rad1 Qc5+ 26.e3 Qb5 27.Bxe4 fxe4 28.Rd2 Rc8 29.h4 Qxa5
30.h5 g5 31.Qd1 Rc7 32.Qg4 Rb8 33.Qe6+ Kg7 34.h6+ Kh8 35.Qf6+ Kg8 36.Qxg5+ Kh8
37.Nxc4  1-0

[Event "29th Ciocaltea Mem"]
[Site "Bucharest ROU"]
[Date "2012.03.08"]
[Round "7"]
[White "Doncea,V"]
[Black "Baratosi,D"]
[Result "1/2-1/2"]
[WhiteElo "2424"]
[BlackElo "2407"]

1.d4 Nf6 2.c4 e6 3.Nf3 d5 4.g3 Be7 5.Bg2 O-O 6.Qc2 c5 7.O-O cxd4 8.Nxd4 e5
9.Nf5 d4 10.Nxe7+ Qxe7 11.b3 Nc6 12.Ba3 Nb4 13.Bxb4 Qxb4 14.Nd2 Qe7 15.Ne4 Bf5
16.Nxf6+ Qxf6 17.Be4 Bxe4 18.Qxe4 b6 19.Rad1 Rad8 20.e3 dxe3 21.Qxe3 Qf5
22.Rd2 Rxd2 23.Qxd2 h5 24.h4 e4 25.Qe3 Qg4 26.Re1 Re8 27.b4 Qe6 28.Rc1 Rc8
29.c5 bxc5 30.Rxc5 Rd8 31.Rc1 Qxa2 32.Qxe4 g6 33.Qe7 Rb8 34.Qe5 Rd8 35.Qe7 Rb8
36.Qe5 Rd8 37.Qf6 Re8 38.Qc6 Qe6 39.Qxe6 Rxe6  1/2-1/2

[Event "6th Agzamov Memorial"]
[Site "Tashkent UZB"]
[Date "2012.03.08"]
[Round "3"]
[White "Ismagambetov,An"]
[Black "Azarov,S"]
[Result "1/2-1/2"]
[WhiteElo "2471"]
[BlackElo "2667"]

1.d4 d5 2.c4 e6 3.Nf3 Nf6 4.g3 Be7 5.Bg2 O-O 6.O-O c6 7.Nc3 Nbd7 8.b3 b6
9.Nd2 a5 10.e4 Ba6 11.Bb2 Rc8 12.Re1 dxc4 13.bxc4 e5 14.d5 Nc5 15.Bf1 Nfd7
16.Nf3 Nb7 17.Nb5 Bb4 18.Na7 Bxe1 19.Qxe1 cxd5 20.Nxc8 dxe4 21.Qxe4 Nbc5
22.Qe3 Qxc8 23.Nxe5 Nxe5 24.Qxe5 f6 25.Qd5+ Kh8 26.Rd1 Bb7 27.Qd6 Ne4 28.Qd7 Qb8
29.Bg2 Nc5  1/2-1/2

[Event "Reykjavik Open"]
[Site "Reykjavik ISL"]
[Date "2012.03.09"]
[Round "4.24"]
[White "Akshayraj,K"]
[Black "Dunn,An1"]
[Result "1-0"]
[WhiteElo "2422"]
[BlackElo "2205"]

1.d4 d5 2.c4 e6 3.Nf3 Nf6 4.g3 Be7 5.Bg2 O-O 6.O-O c6 7.Qc2 Nbd7 8.Nbd2 b6
9.e4 Bb7 10.b3 Rc8 11.Bb2 Qc7 12.Rad1 Rfd8 13.Rfe1 a5 14.a3 Qb8 15.Qb1 Qa8
16.e5 Ne8 17.cxd5 cxd5 18.h4 Rc7 19.Nf1 b5 20.Ng5 g6 21.Qd3 b4 22.Qf3 Bxg5
23.hxg5 Rc2 24.Rb1 bxa3 25.Bxa3 Rdc8 26.Ne3 R2c3 27.Qf4 Ng7 28.Be7 Qa7 29.Bf3 Rd3
30.Rbd1 Ba6 31.Kg2 Rcc3 32.Rh1 Rxe3 33.Qh4 Nf8 34.Bxf8 Rxf3 35.Bc5 Rxc5 36.Qxh7+ Kf8
37.Kxf3 Rc3+ 38.Kg2 Nh5 39.Rxh5 gxh5 40.g6  1-0

[Event "TCh-SVK Extraliga 2011-12"]
[Site "Slovakia SVK"]
[Date "2012.03.09"]
[Round "9.2"]
[White "Cernousek,L"]
[Black "Maslik,M"]
[Result "1-0"]
[WhiteElo "2438"]
[BlackElo "2356"]

1.d4 Nf6 2.c4 e6 3.g3 d5 4.Nf3 Be7 5.Bg2 c6 6.O-O O-O 7.Qc2 Nbd7 8.Nbd2 b6
9.e4 Ba6 10.Re1 Rc8 11.e5 Ne8 12.cxd5 cxd5 13.Qb3 Qc7 14.Nf1 Qc2 15.Ne3 Qxb3
16.axb3 Nb8 17.Bd2 Rc6 18.Ra2 Nc7 19.Rea1 f5 20.Ne1 g5 21.N3c2 Rc8 22.Bb4 Rxc2
23.Nxc2 Bd3 24.Ne1 Bxb4 25.Nxd3 Nc6 26.Nxb4 Nxb4 27.Rxa7 Nb5 28.Ra8 Rxa8
29.Rxa8+ Kf7 30.Rb8 Nxd4 31.Rb7+ Ke8 32.Rxb6 Nd3 33.Rb8+ Kd7 34.Rb7+ Kc6
35.Rxh7 Nxe5 36.h4 gxh4 37.gxh4 f4 38.h5 f3 39.Bh3 Ne2+ 40.Kh2 d4 41.Ra7 d3
42.Ra1 Kd5 43.h6 Nf7 44.h7 Nf4 45.Bg4  1-0

[Event "Reykjavik Open"]
[Site "Reykjavik ISL"]
[Date "2012.03.10"]
[Round "5.3"]
[White "Cheparinov,I"]
[Black "Hess,Ro"]
[Result "1-0"]
[WhiteElo "2664"]
[BlackElo "2635"]

1.d4 Nf6 2.c4 e6 3.g3 d5 4.Nf3 Be7 5.Bg2 O-O 6.O-O dxc4 7.Qc2 a6 8.a4 Bd7
9.Qxc4 Bc6 10.Bg5 Bd5 11.Qd3 Nc6 12.Bxf6 gxf6 13.e4 Nb4 14.Qe2 Bb3 15.Nbd2 Bc2
16.Rfc1 Qd7 17.b3 f5 18.exf5 Bxf5 19.Nc4 Qd8 20.Nce5 Nd5 21.h4 f6 22.Nc4 Bb4
23.Ne3 Nxe3 24.Qxe3 Ba5 25.h5 Bb6 26.a5 Ba7 27.Ra4 Bg4 28.Qe4 Bxh5 29.Qxb7 c6
30.Qxc6 Qe7 31.Rac4 Rfd8 32.Re1 Bf7 33.d5 e5 34.Nh4 Be8 35.Nf5 Qf8 36.Qe6+ Kh8
37.Rc7 Bg6 38.Ne7 Qg7 39.d6 Bf7 40.Qh3 e4 41.Bxe4  1-0

[Event "Reykjavik Open"]
[Site "Reykjavik ISL"]
[Date "2012.03.11"]
[Round "6.26"]
[White "Edvardsson,K"]
[Black "Zumsande,M"]
[Result "1/2-1/2"]
[WhiteElo "2217"]
[BlackElo "2439"]

1.c4 e6 2.d4 d5 3.Nf3 Nf6 4.g3 Be7 5.Bg2 O-O 6.O-O dxc4 7.Qc2 b5 8.a4 b4
9.Nfd2 c6 10.Nxc4 Qxd4 11.Rd1 Qc5 12.Be3 Qh5 13.Nbd2 Ng4 14.Nf3 e5 15.Bd2 b3
16.Qxb3 e4 17.h3 Nxf2 18.Kxf2 exf3 19.Bxf3 Qf5 20.g4 Qe6 21.Qc2 Ba6 22.Ne3 Re8
23.Nf5 Bf6 24.Bf4 Be5 25.Rd6 Bxd6 26.Nxd6 Rd8 27.Rd1 Bc8 28.b4 a6 29.Qc5 Rf8
30.Rd3 h6 31.Re3 Qf6 32.Be5 Qg5 33.Qd4 Be6 34.Ne4 Qg6 35.Ng3 Nd7 36.Bd6 Rfe8
37.Bxc6 Rac8 38.b5 axb5 39.axb5 Kh8 40.Kg2 f5 41.gxf5 Bxf5 42.Rxe8+ Rxe8
43.e4 Bxe4+ 44.Bxe4 Rxe4 45.Qxe4  1/2-1/2

[Event "Reykjavik Open"]
[Site "Reykjavik ISL"]
[Date "2012.03.11"]
[Round "7.26"]
[White "Kjartansson,G"]
[Black "Dunn,An1"]
[Result "1-0"]
[WhiteElo "2357"]
[BlackElo "2205"]

1.d4 d5 2.c4 e6 3.Nf3 Nf6 4.g3 Be7 5.Bg2 O-O 6.Qc2 c6 7.O-O Nbd7 8.Nbd2 b6
9.e4 Bb7 10.e5 Ne8 11.cxd5 cxd5 12.Re1 Rc8 13.Qa4 a6 14.Bf1 Nc7 15.Bd3 Re8
16.Nf1 f5 17.exf6 Bxf6 18.Bf4 b5 19.Qa5 Na8 20.Qd2 Nab6 21.b3 Nf8 22.h4 Nbd7
23.N1h2 Qb6 24.a4 Be7 25.a5 Qa7 26.Re3 Nf6 27.Ng5 Rc6 28.Rae1 Bc8 29.Nhf3 Ng4
30.Ne5 Nxe5 31.Bxe5 Bxg5 32.hxg5 Qe7 33.Rf3 Bd7 34.Kg2 Rec8 35.Rh1 Be8 36.Rxf8+ Kxf8
37.Rxh7  1-0

[Event "Reykjavik Open"]
[Site "Reykjavik ISL"]
[Date "2012.03.13"]
[Round "9.23"]
[White "Henriksson,Jo"]
[Black "Trella,T"]
[Result "1/2-1/2"]
[WhiteElo "2279"]
[BlackElo "2410"]

1.d4 d5 2.Nf3 Nf6 3.c4 e6 4.g3 Be7 5.Bg2 O-O 6.O-O dxc4 7.Ne5 c5 8.dxc5 Qc7
9.Nxc4 Qxc5 10.Nba3 Nc6 11.Be3 Qh5 12.Qb3 Ng4 13.h3 Nxe3 14.Qxe3 Bc5 15.g4 Bxe3
16.gxh5 Bc5 17.Rfd1 e5 18.Bxc6 bxc6 19.Nxe5 Bxh3 20.Rac1 Bxa3 21.bxa3 Rfe8
22.Nxc6 Rxe2 23.Nxa7 Rxa2 24.Rc8+ Rxc8 25.Nxc8 h6 26.Rd8+ Kh7 27.Nd6 Be6
28.Ra8 Bg4 29.Ra5 f6 30.Kg2 Rd2 31.Ne4 Rc2 32.Ra7 Kg8 33.Ra8+ Kf7 34.Ra7+ Ke6
35.Ng3 Rc3 36.Rxg7 Bf3+ 37.Kh2 f5 38.Rg6+ Ke5 39.Rg8 f4 40.Re8+ Kd5 41.Ne2 Rc4
42.Rd8+ Ke5 43.Re8+ Kf5 44.Rf8+ Kg5 45.Ng1 Bxh5 46.Nh3+ Kg4 47.Rf6 Kf3 48.Rxh6 Bg4
49.Rh4 Bxh3 50.Rxh3+ Kxf2 51.Rb3 Rc2 52.Kh3 f3 53.Kg4  1/2-1/2

[Event "European Ind w Rapid 2012"]
[Site "Gaziantep TUR"]
[Date "2012.03.15"]
[Round "11"]
[White "Khotenashvili,B"]
[Black "Batsiashvili,N"]
[Result "0-1"]
[WhiteElo "2490"]
[BlackElo "2438"]

1.Nf3 d5 2.c4 e6 3.g3 Nf6 4.Bg2 Be7 5.d4 O-O 6.O-O c5 7.cxd5 exd5 8.Nc3 Nc6
9.Bg5 cxd4 10.Nxd4 h6 11.Be3 Re8 12.Rc1 Bg4 13.h3 Be6 14.Nxc6 bxc6 15.Na4 Qd7
16.Nc5 Bxc5 17.Bxc5 Bxh3 18.Bd4 Bxg2 19.Kxg2 Ne4 20.e3 Rac8 21.b4 a6 22.a3 Qf5
23.f3 Nd6 24.Qc2 Qg5 25.Qf2 Nf5 26.Rfe1 Re6 27.f4 Qg4 28.Rc3 Rce8 29.Bc5 d4
30.Rd3 Nxe3+ 31.Kg1 Nf5 32.Rxe6 Rxe6 33.Qf3  0-1

[Event "e2e4 High Wycombe Open"]
[Site "High Wycombe ENG"]
[Date "2012.03.16"]
[Round "1"]
[White "Savage,Nicholas W"]
[Black "Reid,V"]
[Result "1-0"]
[WhiteElo "2072"]
[BlackElo "1837"]

1.d4 d5 2.c4 e6 3.Nf3 Nf6 4.g3 Be7 5.Bg2 O-O 6.O-O Nbd7 7.Qc2 dxc4 8.Qxc4 c5
9.Rd1 cxd4 10.Nxd4 Qb6 11.Nc3 e5 12.Nf5 Qb4 13.Nxe7+ Qxe7 14.Bg5 Nb6 15.Qh4 h6
16.Bxf6 Qxf6 17.Qxf6 gxf6 18.Rac1 f5 19.Nb5 e4 20.f3 Bd7 21.Nd6 Bc6 22.Nxf5  1-0

[Event "TCh-BEL 2011-12"]
[Site "Belgium BEL"]
[Date "2012.03.18"]
[Round "10.1"]
[White "Horvath,Jo1"]
[Black "Gharamian,T"]
[Result "1/2-1/2"]
[WhiteElo "2526"]
[BlackElo "2676"]

1.c4 e6 2.Nf3 Nf6 3.g3 d5 4.Bg2 Be7 5.d4 O-O 6.Nc3 dxc4 7.Ne5 c5 8.dxc5 Qxd1+
9.Nxd1 Nbd7 10.Nxc4 Nxc5 11.Nc3 Rd8 12.O-O Nd5 13.Bd2 b6 14.b4 Na6 15.a3 Bb7
16.Nb5 Bc6 17.Nd4 Be8 18.Rac1 Bf6 19.Nf3 Rac8 20.Rfe1 Bb5 21.Nfe5  1/2-1/2

[Event "13th EICC"]
[Site "Plovdiv BUL"]
[Date "2012.03.22"]
[Round "3.152"]
[White "Cioara,A"]
[Black "Makka,I"]
[Result "1/2-1/2"]
[WhiteElo "2477"]
[BlackElo "2152"]

1.d4 Nf6 2.c4 e6 3.g3 d5 4.Nf3 Be7 5.Bg2 O-O 6.O-O c6 7.Nc3 b6 8.Bf4 Bb7
9.Qc2 Na6 10.Rfd1 dxc4 11.Ne5 Nb4 12.Qc1 Nbd5 13.Nxc4 Nxf4 14.Qxf4 Nd5 15.Qg4 Rc8
16.e4 Nf6 17.Qf4 Rc7 18.Qe3 Qa8 19.a4 Ba6 20.b3 Qc8 21.a5 b5 22.Ne5 Bd6 23.Bf1 c5
24.Rac1 cxd4 25.Qxd4 Ba3 26.Rc2 b4 27.Bxa6 Qxa6 28.Ra1 Rxc3 29.Rxc3 Bb2 30.Qc4 Qxc4
31.Rxc4 Bxa1 32.Nc6 Bc3 33.Nxa7 Nd7 34.Nc8 Nb8 35.Nb6 Rd8 36.Na4 Bd2 37.Rc7 g6
38.Nc5 Bc3 39.a6 Nxa6 40.Nxa6 Rd4 41.Nc5 Rd2 42.Rc8+ Kg7 43.Rc7 Kg8 44.Rc8+  1/2-1/2

[Event "13th EICC"]
[Site "Plovdiv BUL"]
[Date "2012.03.22"]
[Round "3.41"]
[White "Ragger,M"]
[Black "Papp,Ga"]
[Result "1-0"]
[WhiteElo "2654"]
[BlackElo "2551"]

1.Nf3 Nf6 2.c4 e6 3.g3 d5 4.Bg2 Be7 5.d4 O-O 6.O-O dxc4 7.Qc2 a6 8.a4 Bd7
9.Qxc4 Bc6 10.Bf4 a5 11.Nc3 Na6 12.Ne5 Bxg2 13.Kxg2 Nd5 14.Rad1 Nab4 15.Bd2 Nb6
16.Qb3 Qxd4 17.Bf4 Qc5 18.Ne4 Qc2 19.Qxc2 Nxc2 20.Rc1 Nb4 21.Rxc7 N4d5 22.Rxb7 Nxa4
23.Nd7 Rfc8 24.Ra1 Rc4 25.f3 f5 26.b3 Rb4 27.Rxb4 Bxb4 28.bxa4 fxe4 29.fxe4 Nc3
30.Kf3 Rd8 31.Ne5 Rd4 32.Rc1 Rxe4 33.Rxc3 Rxf4+ 34.Kxf4 Bxc3 35.Ke4 h5 36.Nc6 Kf7
37.Kd3 Be1 38.Kc4 Kf6 39.Kb5 Kf5 40.Nxa5 Kg4 41.Nc6 Kh3 42.Nd4 e5 43.Nf3 Bf2
44.e4 g5 45.a5 g4 46.Nxe5 Kxh2 47.Nd3 Bd4 48.a6 h4 49.gxh4 g3 50.e5 Kh1 51.Nf4 Bxe5
52.Ne2 Bb8 53.Nxg3+  1-0

[Event "13th EICC"]
[Site "Plovdiv BUL"]
[Date "2012.03.22"]
[Round "3.149"]
[White "Markowski,T"]
[Black "Mindlin,A"]
[Result "1-0"]
[WhiteElo "2612"]
[BlackElo "2186"]

1.d4 Nf6 2.c4 e6 3.g3 d5 4.Bg2 Be7 5.Nf3 O-O 6.O-O dxc4 7.Ne5 Nbd7 8.Nxc4 Nb6
9.Na5 Nbd5 10.e4 c5 11.Nb3 c4 12.exd5 cxb3 13.Nc3 bxa2 14.dxe6 Bxe6 15.d5 Bg4
16.Qb3 Qd7 17.Rxa2 Bh3 18.Be3 Bxg2 19.Kxg2 a6 20.Rd1 b5 21.Raa1 Rfc8 22.Bd4 Nh5
23.Ne4 Qf5 24.Qf3 Qxd5 25.Bxg7 Qe6 26.Bd4 Qg6 27.Nc3 Rd8 28.Nxb5 Rac8 29.Nc3 Rd6
30.Be3 Rf6 31.Qb7 Re8 32.Ra4 Re6 33.Qf3 f5 34.Nd5 Bd6 35.Rh4 Ng7 36.Bd4 Rf8
37.Bc3 Re4 38.Nf6+ Rxf6 39.Rxe4 Rf8 40.Rc4 Be7 41.Qd5+  1-0

[Event "13th EICC"]
[Site "Plovdiv BUL"]
[Date "2012.03.22"]
[Round "3.74"]
[White "Postny,E"]
[Black "Ivanov,Al3"]
[Result "1-0"]
[WhiteElo "2662"]
[BlackElo "2424"]

1.d4 Nf6 2.c4 e6 3.g3 d5 4.Nf3 Be7 5.Bg2 O-O 6.O-O dxc4 7.Qc2 b5 8.a4 b4
9.Nbd2 Bb7 10.Nxc4 Be4 11.Qb3 c5 12.Rd1 Nbd7 13.Nfe5 Bxg2 14.Kxg2 Qc7 15.Nxd7 Nxd7
16.Bf4 Qb7+ 17.Qf3 Qxf3+ 18.Kxf3 cxd4 19.Rxd4 Nc5 20.Na5 Bd8 21.Rc4 Nd7 22.Nc6 Bf6
23.Rxb4 Rfc8 24.Rc1 g5 25.Bd6 Kg7 26.Rb7 Nb6 27.a5 Na4 28.b3 Nc3 29.Ne5  1-0

[Event "ch-VIE Men 2012"]
[Site "Can Tho VIE"]
[Date "2012.03.23"]
[Round "7"]
[White "Tu Hoang Thong"]
[Black "Nguyen Duc Hoa"]
[Result "0-1"]
[WhiteElo "2416"]
[BlackElo "2453"]

1.d4 d5 2.Nf3 Nf6 3.c4 e6 4.g3 Be7 5.Bg2 O-O 6.Qc2 a6 7.b3 dxc4 8.bxc4 c5
9.dxc5 Qa5+ 10.Nbd2 Nc6 11.O-O Qxc5 12.Rb1 Rb8 13.Ne4 Nxe4 14.Qxe4 f5 15.Qc2 e5
16.Be3 Qa3 17.Bc1 Qc5 18.Be3 Qa3 19.Bc1 Qa5 20.Bd2 Qc7 21.Be3 Be6 22.Bb6 Qc8
23.Nd2 e4 24.Qa4 Ne5 25.Rfc1 Bc5 26.Bxc5 Qxc5 27.Nb3 Qc6 28.Qb4 Rfc8 29.c5 Rc7
30.Qc3 Nd7 31.f3 Bxb3 32.Qxb3+ Kh8 33.fxe4 fxe4 34.Qb4 Re8 35.Rc4 Nxc5 36.Rbc1 Qh6
37.Qa3 b6 38.Rxe4 Nxe4 39.Rxc7 Qd2 40.Rf7 h6 41.Rf8+ Kh7 42.Bxe4+ Rxe4 43.Qf3 Qe1+
44.Qf1 Rxe2  0-1

[Event "13th EICC"]
[Site "Plovdiv BUL"]
[Date "2012.03.23"]
[Round "4.159"]
[White "Kourousis,E"]
[Black "Petrov,Vl5"]
[Result "1-0"]
[WhiteElo "2284"]
[BlackElo "1980"]

1.d4 Nf6 2.c4 e6 3.g3 d5 4.Nf3 Be7 5.Bg2 O-O 6.O-O dxc4 7.Qc2 a6 8.Qxc4 b5
9.Qc2 Bb7 10.Bf4 Bd6 11.Nbd2 Bxf4 12.gxf4 Nd5 13.e3 Nd7 14.Nb3 Rc8 15.Ng5 g6
16.Ne4 Qh4 17.Qe2 Ba8 18.Rfc1 Kh8 19.Nbc5 Nxc5 20.Rxc5 Rg8 21.Rac1 g5 22.f5 exf5
23.Nd6 Ne7 24.Nxc8 Bxg2 25.Nxe7 Qh3 26.Rxf5 Be4 27.f3 Bxf5 28.Nxg8 Kxg8 29.Qg2 Qh6
30.Rc5 Bg6 31.Qxg5 Qh3 32.Rxc7 Qxf3 33.Rc8+ Kg7 34.Qe5+ f6 35.Rc7+ Kh8 36.Rc8+ Kg7
37.Qc7+ Bf7 38.Qg3+  1-0

[Event "1st Lanta Open 2012"]
[Site "Koh Lanta Island THA"]
[Date "2012.03.24"]
[Round "3"]
[White "Hrtko,V"]
[Black "Vinod,G"]
[Result "0-1"]
[WhiteElo "2136"]
[BlackElo "2044"]

1.d4 d5 2.c4 e6 3.Nf3 Nf6 4.g3 Be7 5.Bg2 O-O 6.O-O c6 7.Qc2 b6 8.Ne5 Bb7
9.Bf4 Nfd7 10.Nd2 Nxe5 11.dxe5 Nd7 12.Nf3 g5 13.Be3 g4 14.Nd2 Nxe5 15.Bh6 Re8
16.cxd5 cxd5 17.f4 gxf3 18.Nxf3 Ng4 19.Qd2 Bc5+ 20.Kh1 Qf6 21.Bg5 Qg7 22.h3 Nf2+
23.Kh2 Ne4 24.Qc1 Rac8 25.Bf4 Bg1+ 26.Rxg1 Rxc1 27.Raxc1 Qxb2 28.Rc7 Ba6
29.Ne5 Rf8 30.Nd7 Rc8 31.Rgc1 Rxc7 32.Rxc7 Qxe2 33.Rxa7 f6 34.Nxb6 Bd3 35.Nc8 Qb2
36.Ne7+ Kf8 37.Nc6 Bf1 38.Ra8+ Kf7 39.Ra7+ Ke8 40.Re7+ Kf8 41.Bh6+ Kg8 42.Re8+ Kf7
43.Re7+ Kg6 44.Ne5+ Kf5  0-1

[Event "13th EICC"]
[Site "Plovdiv BUL"]
[Date "2012.03.24"]
[Round "5.97"]
[White "Nabaty,T"]
[Black "Ivanov,Al3"]
[Result "1-0"]
[WhiteElo "2559"]
[BlackElo "2424"]

1.c4 e6 2.g3 Nf6 3.Bg2 d5 4.d4 Be7 5.Nf3 O-O 6.O-O dxc4 7.Qc2 b5 8.a4 b4
9.Nbd2 Bb7 10.Nxc4 Be4 11.Qb3 c5 12.Rd1 Nbd7 13.Bf4 Nd5 14.Nfe5 Bxg2 15.Nc6 Nxf4
16.Nxd8 Raxd8 17.gxf4 Bd5 18.a5 f5 19.Kf1 Rc8 20.Rac1 Nf6 21.Rc2 Ne4 22.dxc5 Nxc5
23.Qxb4 Rb8 24.Qa3 Be4 25.Rc3  1-0

[Event "13th EICC"]
[Site "Plovdiv BUL"]
[Date "2012.03.24"]
[Round "5.30"]
[White "Ragger,M"]
[Black "Bulmaga,I"]
[Result "1-0"]
[WhiteElo "2654"]
[BlackElo "2307"]

1.Nf3 Nf6 2.c4 e6 3.g3 d5 4.Bg2 Be7 5.d4 O-O 6.O-O dxc4 7.Qc2 a6 8.a4 Bd7
9.Qxc4 Bc6 10.Bf4 a5 11.Nc3 Na6 12.Rac1 Nb4 13.Ne5 Bxg2 14.Kxg2 Nfd5 15.Nxd5 Nxd5
16.Bd2 Bd6 17.Nd3 Nf6 18.Rfd1 Qe7 19.Bg5 h6 20.Bxf6 Qxf6 21.e4 Qd8 22.e5 Bb4
23.Nxb4 axb4 24.d5 exd5 25.Rxd5 Qe8 26.Qxb4 c6 27.Rdc5 Qd7 28.a5 Kh8 29.Qc4 Rae8
30.a6 f6 31.axb7 fxe5 32.Rxc6 e4 33.Rc2 Qd1 34.Qe2 Qd5 35.Qe3 Rb8 36.R2c5 Qf7
37.Rc7 Qf6 38.R5c6 Qxb2 39.Rxh6+ Kg8 40.Rb6 Qe5 41.Qc5  1-0

[Event "ch-Urals Men 2012"]
[Site "Satka RUS"]
[Date "2012.03.24"]
[Round "1"]
[White "Nasybullina,Alfia"]
[Black "Denisov,I"]
[Result "0-1"]
[WhiteElo "2021"]
[BlackElo "2384"]

1.d4 Nf6 2.Nf3 e6 3.g3 d5 4.Bg2 Be7 5.c4 O-O 6.O-O b6 7.cxd5 exd5 8.Nc3 Bb7
9.Qb3 a5 10.Bf4 Na6 11.Rac1 Ne4 12.Rfd1 Bd6 13.Nxd5 a4 14.Qc4 g5 15.Ne5 gxf4
16.Bxe4 Kh8 17.Nf6 Bxe4 18.Nxe4 Qe7 19.Nxd6 cxd6 20.Nc6 Qg5 21.d5 fxg3 22.hxg3 Nc5
23.Rd4 b5 24.Qc3 f6 25.Rcd1 Rae8 26.Qf3 f5 27.Rh4 Rf6 28.Rh5 Qg4 29.Kg2 Rxe2
30.Rdh1 Rf7 31.Qc3+ Kg8 32.R1h4 Qg7 33.Qa5 Nd3 34.Qd8+ Rf8 35.Qxd6 Rxf2+
36.Kh3 Re2 37.Qa3 Re3 38.Qd6 Re2 39.Qa3 Nf2+ 40.Kg2 Ng4+ 41.Kf1 Rfe8 42.Qb4 Rxb2
43.Qf4 Ne3+ 44.Kg1 Rg2+ 45.Kh1 Qa1+  0-1

[Event "TCh-HUN 2011-12"]
[Site "Kecskemet HUN"]
[Date "2012.03.25"]
[Round "8"]
[White "Sebestyen,Bala"]
[Black "Polyak,I1"]
[Result "1-0"]
[WhiteElo "2293"]
[BlackElo "2131"]

1.Nf3 Nf6 2.c4 e6 3.g3 d5 4.Bg2 Be7 5.d4 O-O 6.O-O Nbd7 7.Nc3 dxc4 8.Qc2 Nd5
9.e4 Nb4 10.Qe2 c5 11.dxc5 Qa5 12.Qxc4 Qxc5 13.Qb3 Qa5 14.a3 Nc6 15.Be3 Bc5
16.Bxc5 Nxc5 17.Qc2 Qb6 18.e5 Nd7 19.Rae1 f6 20.exf6 Nxf6 21.Ng5 Nd4 22.Qd3 h6
23.Nge4 Nxe4 24.Rxe4 Nf5 25.Qe2 a5 26.Rd1 Ra6 27.Nb5 Qc5 28.Re5 Qe7 29.Bh3 Qf6
30.Nc7 Rc6 31.Bxf5 exf5 32.Nd5 Qg5 33.h4 Qg4 34.Qxg4 fxg4 35.Ne7+ Kh7 36.Nxc6 bxc6
37.Rxa5 Bf5 38.Re5 g6 39.Rc1 Rf6 40.a4 h5 41.a5 Bd3 42.Re7+ Kh6 43.Rc7  1-0

[Event "ch-VIE Men KO 2012"]
[Site "Can Tho VIE"]
[Date "2012.03.26"]
[Round "1.2"]
[White "Bui,Trong Hao"]
[Black "Nguyen Thanh Nghia"]
[Result "1/2-1/2"]
[WhiteElo "2167"]
[BlackElo "2133"]

1.d4 d5 2.c4 e6 3.Nf3 Nf6 4.g3 Be7 5.Bg2 O-O 6.O-O b6 7.Nc3 Bb7 8.b3 Nbd7
9.Bb2 Ne4 10.Nxe4 dxe4 11.Nd2 f5 12.Qc2 c5 13.e3 Qc7 14.Rad1 Rad8 15.f3 exf3
16.Nxf3 Be4 17.Qe2 Bf6 18.Nd2 Bxg2 19.Qxg2 cxd4 20.exd4 Nc5 21.Nb1 Ne4 22.Kh1 g6
23.Nc3 Nxc3 24.Bxc3 Rd7 25.Bb4 Rfd8 26.d5 exd5 27.Rxd5 Rxd5 28.cxd5 Qe5 29.Rd1 Kf7
30.Qf3 Qe4 31.Qxe4 fxe4 32.Kg2 a5 33.Ba3 Rc8 34.Rd2 e3 35.Re2 Rd8 36.d6 Be5
37.Rxe3 Bxd6 38.Bb2 Rc8 39.Re2 Bc5 40.Kf3 Rd8 41.Ke4 Ke6 42.g4 Rf8 43.Bd4 Bxd4
44.Kxd4+ Kd6 45.Kc4 Rf4+ 46.Kb5 Rb4+ 47.Ka6 a4 48.bxa4 Rxa4+ 49.Kxb6 Rxg4
50.Rd2+ Ke6 51.a3 Ra4 52.Ra2 g5 53.Kb5 Ra8 54.a4 g4 55.Rf2 h5 56.Rf4 Rg8
57.a5 h4 58.a6 g3 59.hxg3 hxg3 60.Rf1 Ke5 61.a7 Ke4 62.Rf6 g2  1/2-1/2

[Event "13th EICC"]
[Site "Plovdiv BUL"]
[Date "2012.03.27"]
[Round "7.150"]
[White "Agaragimov,D"]
[Black "Barta,J"]
[Result "1-0"]
[WhiteElo "2342"]
[BlackElo "2148"]

1.d4 Nf6 2.Nf3 d5 3.c4 e6 4.g3 Be7 5.Bg2 O-O 6.O-O Nbd7 7.Qc2 c6 8.Rd1 b6
9.Nbd2 Bb7 10.e4 dxe4 11.Ng5 c5 12.dxc5 Bxc5 13.Ndxe4 Nxe4 14.Bxe4 Bxe4 15.Qxe4 g6
16.Qh4 h5 17.g4 Be7 18.gxh5 Bxg5 19.Bxg5 f6 20.hxg6 Qe7 21.Bf4 e5 22.Qh7+ Qxh7
23.gxh7+ Kh8 24.Rxd7 exf4 25.Kg2 Rac8 26.b3 a5 27.Rad1 Rc5 28.R1d5  1-0

[Event "European Senior Teams 2012"]
[Site "Rogaska Slatina SLO"]
[Date "2012.03.27"]
[Round "1.7"]
[White "Sloth,J"]
[Black "Huebner,W"]
[Result "1/2-1/2"]
[WhiteElo "2351"]
[BlackElo "2188"]

1.g3 Nf6 2.Bg2 d5 3.c4 e6 4.Nf3 Be7 5.d4 O-O 6.Qc2 dxc4 7.Qxc4 a6 8.Bf4 Nd5
9.Bd2 b5 10.Qb3 Bb7 11.a4 b4 12.Na3 Nd7 13.Nc4 c5 14.Nfe5 cxd4 15.Nxd7 Qxd7
16.Na5 Rfd8 17.O-O Rac8 18.Nxb7 Qxb7 19.Rfc1 a5 20.Rc4 Rxc4 21.Qxc4 Rc8 22.Bxd5 exd5
23.Qd3 Bf6 24.b3 g6 25.Rc1 Rxc1+ 26.Bxc1 Kg7 27.Bb2 Qb6 28.Kf1 h5 29.Ke1 Qe6
30.Bxd4 Bxd4 31.Qxd4+ Kh7 32.f3 Kg8 33.Kd2 Qc6 34.h3 Qe6 35.g4 hxg4 36.hxg4 Qc6
37.g5 Qd6 38.Kd3 Qa6+ 39.Kd2 Qd6 40.e3 Qc6 41.Qf6 Qc5 42.Kd3 Qc7 43.f4 Qc8
44.Qe5 Qc6 45.Kd2 Qc5 46.Qf6 Qc8 47.Kd3 Qc5 48.Qb2 Qc6 49.Qc2 Qa6+ 50.Kd4 Qe6
51.Qg2 Qb6+ 52.Kd3  1/2-1/2

[Event "Belgrade Spring Open 2012"]
[Site "Belgrade SRB"]
[Date "2012.03.30"]
[Round "7.7"]
[White "Tisma,I"]
[Black "Vulinovic,R"]
[Result "1-0"]
[WhiteElo "2124"]
[BlackElo "2224"]

1.d4 d5 2.Nf3 Nf6 3.c4 e6 4.g3 Be7 5.Bg2 O-O 6.O-O dxc4 7.Ne5 Nc6 8.Nxc6 bxc6
9.Na3 Bxa3 10.bxa3 Nd5 11.Qa4 Nb6 12.Qa5 Bb7 13.Rd1 Qe7 14.Bd2 Rfd8 15.Bb4 Qf6
16.Bc5 Rd7 17.Rab1 Qd8 18.a4 Qc8 19.Rdc1 h6 20.e3 Rd8 21.Qb4 a5 22.Qa3 Nd5
23.Rxc4 Ba6 24.Rc2 Rb8 25.Rcb2 Rxb2 26.Rxb2 Bc4 27.h3 Qa6 28.g4 Re8 29.Rb1 Bd3
30.Rd1 Bg6 31.Qc1 Nf6 32.Ba3 Be4 33.Bxe4 Nxe4 34.Qc2 f5 35.Rc1 c5 36.Bxc5 Ng5
37.gxf5 Nf3+ 38.Kg2 Qb7 39.e4 Nh4+ 40.Kg3 g5 41.fxg6 Nxg6 42.Rg1 Kf7 43.Qe2 Rg8
44.Kh2 Qc6 45.Qf3+ Kg7 46.Be7 Kh7 47.Rg4 Qe8 48.Bf6 Qxa4 49.h4 Qb5 50.d5 Qe8
51.e5 Qf7 52.h5 Ne7 53.Rxg8 Kxg8 54.Qg4+ Kf8 55.dxe6 Qh7 56.Qd1 Nc6 57.Qd7  1-0

[Event "European Senior Teams 2012"]
[Site "Rogaska Slatina SLO"]
[Date "2012.03.30"]
[Round "4.16"]
[White "Falk,Th"]
[Black "Alkkiomaki,J"]
[Result "1-0"]
[WhiteElo "2132"]
[BlackElo "2033"]

1.Nf3 d5 2.d4 Nf6 3.c4 e6 4.g3 Be7 5.Bg2 O-O 6.O-O c6 7.Nbd2 Re8 8.Qc2 Nbd7
9.b3 Bd6 10.Bb2 Qe7 11.Ne5 Ba3 12.Ndf3 Bxb2 13.Qxb2 Ne4 14.Nxd7 Bxd7 15.Ne5 Nf6
16.Nd3 Red8 17.f3 Be8 18.Rad1 Nd7 19.c5 f6 20.Bh3 Bg6 21.Rfe1 f5 22.b4 Be8
23.Bg2 Nf6 24.Ne5 Nd7 25.Nxd7 Qxd7 26.e4 fxe4 27.fxe4 Bg6 28.exd5 exd5 29.Re5 Re8
30.Rde1 Rxe5 31.Rxe5 Qg4 32.Qc3 Rf8 33.h3 Qd7 34.Qe3 Re8 35.h4 Rxe5 36.Qxe5 a6
37.Kh2 Bf5 38.a4 h6 39.b5 axb5 40.axb5 Qc8 41.Bf3 Kh8 42.Kg1 Kg8 43.Kf2 Bg4
44.Bxg4 Qxg4 45.bxc6 bxc6 46.Ke3 Kh7 47.Qf4 Qe6+ 48.Kf3 Qg6 49.Qe5 Qd3+ 50.Kf4 Qf1+
51.Kg4 Qd1+ 52.Kf5 Qb3 53.Ke6 Qb4 54.Kd6 Qb5 55.Qf5+  1-0

[Event "ch-CHN w 2012"]
[Site "Xinghua CHN"]
[Date "2012.03.30"]
[Round "4"]
[White "Ju Wenjun"]
[Black "Tan Zhongyi"]
[Result "1/2-1/2"]
[WhiteElo "2557"]
[BlackElo "2438"]

1.d4 d5 2.c4 e6 3.Nf3 Nf6 4.g3 Be7 5.Bg2 O-O 6.O-O dxc4 7.Qc2 a6 8.a4 Bd7
9.Qxc4 Bc6 10.Bg5 Bd5 11.Qd3 Be4 12.Qe3 Nbd7 13.Nc3 Bc6 14.Qd3 Bb4 15.Rfe1 a5
16.e4 h6 17.Bxf6 Qxf6 18.Red1 Rfd8 19.Qc2 Qg6 20.Nh4 Qh7 21.d5 exd5 22.Nxd5 Bxd5
23.Rxd5 c6 24.Rd3 Nc5 25.Rxd8+ Rxd8 26.Rd1 Rxd1+ 27.Qxd1 Nxe4 28.Qd7 Bf8
29.Qxb7 Nd2 30.h3 g5 31.Qd7 Qb1+ 32.Kh2 Nf1+ 33.Bxf1 Qxf1 34.Ng2 Qxf2 35.Qxc6 Bc5
36.Qe8+ Kg7 37.Qe1 h5 38.h4 f6 39.hxg5 fxg5 40.Qe5+ Kf7 41.Qd5+ Kf6 42.Qc6+ Ke5
43.Qe8+ Kd5 44.Qg8+ Kd6 45.Qd8+ Ke6 46.Qc8+ Ke5 47.Qe8+ Kd4 48.Qxh5 Kc4 49.Kh3 Qd2
50.Qf7+ Kb4 51.b3 Ka3 52.Qe6 Qd1 53.Qf5 Be7 54.Qe4 g4+ 55.Kh2 Bc5 56.Ne1 Qd2+
57.Ng2 Qf2 58.Qb1 Bd4 59.Qd1 Kb2 60.Kh1 Bc5 61.Nf4 Qxg3 62.Nd3+ Kc3 63.Nxc5 Qh3+
64.Kg1 Qe3+ 65.Kf1 Qxc5 66.Qxg4 Kxb3 67.Ke2 Qd5 68.Qf4 Qg2+ 69.Ke1 Qc2 70.Qd4 Qc6
71.Kd2 Ka2 72.Kd1 Ka3 73.Kd2 Qg2+ 74.Kc1 Qf1+ 75.Kd2 Qg2+ 76.Kc1 Kb3 77.Qd3+ Kxa4  1/2-1/2